[Event "WLS-chA 68th"]
[Site "Cardiff"]
[Date "2024.04.01"]
[Round "6"]
[White "Davis, Lee"]
[Black "Tuson, Jon"]
[Result "1-0"]
[WhiteElo "1948"]
[BlackElo "1891"]
[PlyCount "37"]
[EventDate "2024.03.29"]
[EventType "swiss"]
[EventRounds "7"]
[EventCountry "WLS"]
[SourceTitle "CB14_2024"]
[SourceDate "2024.04.01"]
[SourceVersion "1"]
[SourceVersionDate "2024.04.01"]
[SourceQuality "1"]

1. d4 Nf6 2. g3 c5 3. Nf3 cxd4 4. Qxd4 Nc6 5. Qa4 g6 6. Bg2 Bg7 7. 0-0 0-0 8. c4 Ne4 9. Qc2 Nc5 10. Bd2 d6 11. Bc3 Bf5 12. Qc1 Rc8 13. Bxg7 Kxg7 14. Nc3 Qa5 15. b3 a6 16. Qb2 Kg8 17. Nd5 Be4 18. b4 Nxb4 19. Nxe7# 1-0

[Event "WLS-chA 68th"]
[Site "Cardiff"]
[Date "2024.03.31"]
[Round "5"]
[White "Wu, Yuxuan1"]
[Black "Davis, Lee"]
[Result "1/2-1/2"]
[WhiteElo "1853"]
[BlackElo "1948"]
[PlyCount "143"]
[EventDate "2024.03.29"]
[EventType "swiss"]
[EventRounds "7"]
[EventCountry "WLS"]
[SourceTitle "CB14_2024"]
[SourceDate "2024.04.01"]
[SourceVersion "1"]
[SourceVersionDate "2024.04.01"]
[SourceQuality "1"]

1. d4 Nf6 2. c4 g6 3. Nc3 Bg7 4. e4 d6 5. Nf3 0-0 6. Be2 e5 7. Be3 Nc6 8. d5 Ne7 9. Nd2 Ne8 10. b4 f5 11. f3 a5 12. bxa5 Rxa5 13. c5 fxe4 14. Ndxe4 Nf5 15. Bg5 Nf6 16. Qd2 b6 17. cxb6 cxb6 18. Rc1 Qd7 19. Nxf6+ Bxf6 20. Bxf6 Rxf6 21. Ne4 Rf8 22. Rc6 Qa7 23. Bc4 Bd7 24. Nxd6 Nxd6 25. Rxd6 Rc5 26. Bb3 Ba4 27. 0-0 Bxb3 28. axb3 Qc7 29. Rc6 Rxc6 30. dxc6 Qxc6 31. Qe3 Qc5 32. Qxc5 bxc5 33. Rc1 Rc8 34. Rc4 Rb8 35. Rxc5 Rxb3 36. Rxe5 Rb7 37. Re6 Kg7 38. Kf2 Ra7 39. Rb6 Rc7 40. g4 Ra7 41. Kg3 Rc7 42. Rb3 Ra7 43. h4 Rc7 44. Rb1 Ra7 45. h5 Rc7 46. Re1 Ra7 47. Re3 Rf7 48. Kh4 Ra7 49. g5 h6 50. hxg6 hxg5+ 51. Kxg5 Ra5+ 52. Kg4 Kxg6 53. Re6+ Kf7 54. Rb6 Rc5 55. f4 Ra5 56. Rh6 Kg7 57. Re6 Kf7 58. Rc6 Rb5 59. Rc3 Kf6 60. Rc6+ Kf7 61. f5 Rb1 62. Rc3 Rg1+ 63. Kf4 Rf1+ 64. Rf3 Rxf3+ 65. Kxf3 Kf6 66. Kf4 Kf7 67. Ke5 Ke7 68. f6+ Kf7 69. Kf5 Kf8 70. Ke6 Ke8 71. f7+ Kf8 72. Kf6 1/2-1/2

[Event "WLS-chA 68th"]
[Site "Cardiff"]
[Date "2024.03.30"]
[Round "3"]
[White "Fowler, Hugo"]
[Black "Davis, Lee"]
[Result "0-1"]
[WhiteElo "1960"]
[BlackElo "1948"]
[PlyCount "94"]
[EventDate "2024.03.29"]
[EventType "swiss"]
[EventRounds "7"]
[EventCountry "WLS"]
[SourceTitle "CB14_2024"]
[SourceDate "2024.04.01"]
[SourceVersion "1"]
[SourceVersionDate "2024.04.01"]
[SourceQuality "1"]

1. e4 g6 2. d4 d6 3. Nc3 Bg7 4. Be3 a6 5. a4 Nf6 6. h3 0-0 7. Nf3 Nc6 8. Qd2 e5 9. dxe5 Nxe5 10. Nxe5 dxe5 11. Qxd8 Rxd8 12. Bc4 Bd7 13. a5 Bc6 14. f3 h6 15. Kf2 Bf8 16. Na4 Nd7 17. Rhd1 Kg7 18. Bd5 Bxa4 19. Rxa4 c6 20. Bc4 Bc5 21. Raa1 Bxe3+ 22. Kxe3 Nf8 23. g3 Kf6 24. f4 Ne6 25. c3 Rxd1 26. Rxd1 Rd8 27. Rxd8 Nxd8 28. Kd3 Ne6 29. Bxe6 Kxe6 30. Kc4 exf4 31. gxf4 f6 32. h4 g5 33. hxg5 hxg5 34. fxg5 fxg5 35. Kd4 g4 36. e5 g3 37. Ke3 Kxe5 38. Kf3 g2 39. Kxg2 Ke4 40. Kf2 Kd3 41. Kf3 Kc2 42. Ke4 Kxb2 43. Kd3 Kb3 44. Kd4 Ka4 45. Kc4 Kxa5 46. Kc5 b5 47. Kxc6 b4 0-1

[Event "WLS-chA 68th"]
[Site "Cardiff"]
[Date "2024.03.29"]
[Round "1"]
[White "Strugnell, Carl"]
[Black "Davis, Lee"]
[Result "1-0"]
[WhiteElo "2188"]
[BlackElo "1948"]
[PlyCount "89"]
[EventDate "2024.03.29"]
[EventType "swiss"]
[EventRounds "7"]
[EventCountry "WLS"]
[SourceTitle "CB14_2024"]
[SourceDate "2024.04.01"]
[SourceVersion "1"]
[SourceVersionDate "2024.04.01"]
[SourceQuality "1"]

1. Nf3 g6 2. e4 d6 3. d4 Bg7 4. Bd3 Nc6 5. d5 Ne5 6. Nxe5 Bxe5 7. c4 Bg7 8. Nc3 Nf6 9. f3 0-0 10. Bg5 c6 11. Qd2 Bd7 12. Bh6 b5 13. cxb5 cxb5 14. Bxg7 Kxg7 15. Bxb5 Qb6 16. Bxd7 Nxd7 17. 0-0-0 Rfc8 18. Qd4+ Kg8 19. Qxb6 Nxb6 20. Kb1 Rab8 21. Rc1 Nc4 22. b3 a5 23. h4 Kg7 24. Ka1 Ne3 25. g3 f5 26. Ne2 fxe4 27. fxe4 Nc2+ 28. Kb2 Nb4 29. Nf4 a4 30. Rxc8 Rxc8 31. a3 Nc2 32. b4 Ne3 33. Rc1 Rc4 34. b5 Rxc1 35. Kxc1 Nc4 36. Nd3 Kf6 37. Nb2 Nb6 38. Kd2 e6 39. dxe6 Kxe6 40. Kc3 d5 41. exd5+ Nxd5+ 42. Kd4 Nb6 43. Kc5 Nd7+ 44. Kc6 Ne5+ 45. Kc7 1-0

[Event "WchT Seniors 65"]
[Site "Struga"]
[Date "2023.09.26"]
[Round "7.3"]
[White "Cocozza, Mario"]
[Black "Davis, Lee"]
[Result "1-0"]
[WhiteElo "2226"]
[BlackElo "1927"]
[PlyCount "81"]
[EventDate "2023.09.19"]
[EventType "team-swiss"]
[EventRounds "9"]
[EventCountry "MKD"]
[SourceTitle "EXT 2024"]
[Source "ChessBase"]
[SourceDate "2023.10.10"]
[SourceVersion "1"]
[SourceVersionDate "2023.10.10"]
[SourceQuality "1"]
[WhiteTeam "Italy 65"]
[BlackTeam "Wales Silures 65"]
[WhiteTeamCountry "ITA"]
[BlackTeamCountry "WLS"]

1. e4 g6 2. d4 d6 3. Nc3 Nf6 4. Nf3 Bg7 5. Be2 0-0 6. 0-0 Bg4 7. Be3 Nc6 8. d5 Bxf3 9. Bxf3 Ne5 10. Be2 c6 11. f4 Ned7 12. dxc6 bxc6 13. Rb1 Qc7 14. g4 Nc5 15. Bf3 Nfd7 16. Qe1 Nb6 17. b3 Rad8 18. Ne2 e6 19. f5 exf5 20. exf5 Nd5 21. Bxd5 cxd5 22. Nc3 d4 23. f6 dxc3 24. fxg7 Rfe8 25. Qxc3 Ne6 26. Qxc7 Nxc7 27. Bxa7 Ra8 28. Bb6 Nd5 29. Bd4 Rxa2 30. Rbe1 Raa8 31. Rxe8+ Rxe8 32. c4 Nc7 33. Rd1 Ne6 34. Bf6 Rb8 35. Rxd6 Nxg7 36. c5 Ne6 37. Rb6 Rxb6 38. cxb6 Nc5 39. Be7 Nb7 40. g5 h6 41. h4 1-0

[Event "EU-chT Seniors 65"]
[Site "Swidnica"]
[Date "2023.07.18"]
[Round "7.8"]
[White "Daleczko, Zbigniew"]
[Black "Davis, Lee"]
[Result "1/2-1/2"]
[WhiteElo "1672"]
[BlackElo "1893"]
[PlyCount "61"]
[EventDate "2023.07.12"]
[EventType "team-swiss"]
[EventRounds "9"]
[EventCountry "POL"]
[SourceTitle "CBM 215 Extra"]
[Source "ChessBase"]
[SourceDate "2023.09.30"]
[SourceVersion "1"]
[SourceVersionDate "2023.09.30"]
[SourceQuality "1"]
[WhiteTeam "Lower Silesia 65 II"]
[BlackTeam "Wales Cymru 65"]
[WhiteTeamCountry "POL"]
[BlackTeamCountry "WLS"]

1. e4 g6 2. d4 d6 3. Bd3 Bg7 4. c3 e5 5. Ne2 Nc6 6. Be3 Nf6 7. h3 0-0 8. 0-0 d5 9. Nd2 h6 10. Qc2 exd4 11. Nxd4 Ne5 12. Be2 dxe4 13. Nxe4 Nxe4 14. Qxe4 Re8 15. Qc2 c5 16. Nf3 Bf5 17. Qb3 Qe7 18. Nxe5 Bxe5 19. Rfe1 h5 20. Bf3 Qc7 21. Qb5 Bd6 22. Rad1 Be4 23. Bxe4 Rxe4 24. Rd5 Rae8 25. Qd3 c4 26. Qd2 Bf8 27. Rd7 Qc6 28. Rd8 Bc5 29. Rxe8+ Qxe8 30. Kf1 Bxe3 31. Rxe3 1/2-1/2

[Event "WLS-ch 67th"]
[Site "Cardiff"]
[Date "2023.04.10"]
[Round "7"]
[White "Jukes, Sam"]
[Black "Davis, Lee"]
[Result "1-0"]
[WhiteElo "1900"]
[BlackElo "1906"]
[PlyCount "39"]
[EventDate "2023.04.07"]
[EventType "swiss"]
[EventRounds "7"]
[EventCountry "WLS"]
[SourceTitle "CBM 213 Extra"]
[Source "ChessBase"]
[SourceDate "2023.05.31"]
[SourceVersion "1"]
[SourceVersionDate "2023.05.31"]
[SourceQuality "1"]

1. e4 c6 2. d4 d5 3. Nc3 dxe4 4. Nxe4 Bf5 5. Ng3 Bg6 6. N1e2 e6 7. h4 h6 8. Nf4 Bh7 9. c3 Nf6 10. Qf3 Bd6 11. Nfh5 Nxh5 12. Nxh5 Rg8 13. Bxh6 Bf8 14. Bc4 Nd7 15. Bg5 Be7 16. Nf4 Bf6 17. 0-0-0 Qa5 18. Nxe6 fxe6 19. Qh5+ Ke7 20. Bxf6+ 1-0

[Event "WLS-ch 67th"]
[Site "Cardiff"]
[Date "2023.04.07"]
[Round "2"]
[White "Fathallah, Joe"]
[Black "Davis, Lee"]
[Result "1-0"]
[WhiteElo "1980"]
[BlackElo "1906"]
[PlyCount "75"]
[EventDate "2023.04.07"]
[EventType "swiss"]
[EventRounds "7"]
[EventCountry "WLS"]
[SourceTitle "CBM 213 Extra"]
[Source "ChessBase"]
[SourceDate "2023.05.31"]
[SourceVersion "1"]
[SourceVersionDate "2023.05.31"]
[SourceQuality "1"]

1. d4 Nf6 2. c4 e6 3. Nc3 d5 4. cxd5 exd5 5. Bg5 Be7 6. e3 0-0 7. Bd3 c6 8. Qc2 h6 9. Bh4 Nbd7 10. Nge2 Ne8 11. Bxe7 Qxe7 12. Ng3 Ndf6 13. 0-0 Nd6 14. Rae1 Re8 15. f3 Qd8 16. Qf2 Be6 17. h3 Qd7 18. e4 Nh7 19. e5 Nf5 20. Nxf5 Bxf5 21. Bxf5 Qxf5 22. g4 Qd7 23. f4 f5 24. gxf5 Qxf5 25. Kh2 Re6 26. Ne2 g5 27. Qg2 Rf8 28. Ng3 Qd3 29. f5 Ree8 30. Rd1 Qc4 31. b3 Qb4 32. f6 Qb5 33. Rf2 Re6 34. Nh5 c5 35. Qxd5 Qc6 36. Qxc6 Rxc6 37. d5 Ra6 38. e6 1-0

[Event "WLS-ch Seniors"]
[Site "Cardiff"]
[Date "2022.09.04"]
[Round "4"]
[White "Davis, Lee"]
[Black "Williams, Duncan"]
[Result "0-1"]
[WhiteElo "1922"]
[BlackElo "1725"]
[PlyCount "92"]
[EventDate "2022.09.02"]
[EventType "swiss"]
[EventRounds "5"]
[EventCountry "WLS"]
[SourceTitle "EXT 2024"]
[Source "ChessBase"]
[SourceDate "2023.10.10"]
[SourceVersion "1"]
[SourceVersionDate "2023.10.10"]
[SourceQuality "1"]

1. d4 d5 2. g3 Bf5 3. Bg2 e6 4. Nf3 Be7 5. 0-0 h6 6. c4 c6 7. Nc3 Nf6 8. Qb3 Qb6 9. c5 Qxb3 10. axb3 Na6 11. Bf4 0-0 12. Rfc1 g5 13. Bd2 Ne4 14. Nxe4 Bxe4 15. Ne5 Bxg2 16. Kxg2 Kh7 17. Nxc6 Nxc5 18. dxc5 bxc6 19. Ra6 Rfc8 20. b4 e5 21. Rca1 Rc7 22. f4 gxf4 23. gxf4 f6 24. Kh3 Kg6 25. fxe5 fxe5 26. b5 Bxc5 27. b4 Bd4 28. R1a2 Rac8 29. bxc6 Rxc6 30. b5 Rxa6 31. Rxa6+ Bb6 32. Ba5 Rb8 33. Kg4 h5+ 34. Kf3 Rf8+ 35. Kg3 Rf6 36. Bb4 d4 37. Be7 Re6 38. Bc5 Kf5 39. Bxb6 axb6 40. Ra8 Ke4 41. Rh8 Ke3 42. Rxh5 Kxe2 43. Rf5 Rg6+ 44. Kh4 e4 45. Re5 e3 46. Kh5 Rg2 0-1

[Event "WLS-ch 66th"]
[Site "Cardiff"]
[Date "2022.04.16"]
[Round "3"]
[White "Davis, Lee"]
[Black "Thomas, James M"]
[Result "0-1"]
[WhiteElo "1944"]
[BlackElo "1941"]
[PlyCount "96"]
[EventDate "2022.04.15"]
[EventType "swiss"]
[EventRounds "7"]
[EventCountry "WLS"]
[SourceTitle "CBM 207 Extra"]
[Source "ChessBase"]
[SourceDate "2022.05.31"]
[SourceVersion "1"]
[SourceVersionDate "2022.05.31"]
[SourceQuality "1"]

1. d4 Nf6 2. g3 c5 3. Nf3 cxd4 4. Nxd4 e5 5. Nb3 d5 6. Bg2 Be7 7. Bg5 Be6 8. 0-0 Nbd7 9. Nc3 h6 10. Bxf6 Nxf6 11. e4 d4 12. Ne2 0-0 13. Nbc1 Qc7 14. c3 dxc3 15. Nxc3 Bc4 16. Re1 Bc5 17. Qf3 Rfd8 18. Rd1 Rxd1+ 19. Nxd1 Rd8 20. Bf1 Bxf1 21. Kxf1 Nxe4 22. Qxe4 Rxd1+ 23. Kg2 Bd4 24. Nb3 Rxa1 25. Nxa1 Bxb2 26. Qb1 Qc6+ 27. f3 Qc1 28. Qc2 Qxc2+ 29. Nxc2 f6 30. Kf2 Kf7 31. Ke2 Ke6 32. Kd3 b5 33. g4 a5 34. Ne3 g6 35. h4 Bd4 36. Ng2 h5 37. gxh5 gxh5 38. f4 Kd5 39. Ke2 b4 40. fxe5 fxe5 41. Ne1 Kc4 42. Kd1 Kc3 43. Kc1 a4 44. Nf3 e4 45. Ng5 Be3+ 46. Kd1 Bxg5 47. hxg5 b3 48. axb3 a3 0-1

[Event "EU-chT 23rd"]
[Site "Terme Catez"]
[Date "2021.11.15"]
[Round "4.17"]
[White "Tisaj, Domen"]
[Black "Davis, Lee"]
[Result "1-0"]
[WhiteElo "2369"]
[BlackElo "1972"]
[PlyCount "109"]
[EventDate "2021.11.12"]
[EventType "team-swiss"]
[EventRounds "9"]
[EventCountry "SLO"]
[SourceTitle "CBM 205"]
[Source "ChessBase"]
[SourceDate "2021.12.31"]
[SourceVersion "1"]
[SourceVersionDate "2021.12.31"]
[SourceQuality "1"]
[WhiteTeam "Slovenia II"]
[BlackTeam "Wales"]
[WhiteTeamCountry "SLO"]
[BlackTeamCountry "WLS"]

1. d4 Nf6 2. c4 e6 3. Nc3 Bb4 4. e3 b6 5. Nge2 Bb7 6. a3 Be7 7. d5 0-0 8. e4 e5 9. g3 d6 10. Bg2 a5 11. 0-0 Na6 12. Rb1 Re8 13. h3 Bf8 14. b4 axb4 15. axb4 h6 16. Be3 Kh7 17. Qd3 g6 18. f4 Nd7 19. Qc2 Qe7 20. Nc1 Bg7 21. f5 g5 22. Nd3 f6 23. Ra1 Bf8 24. Ra2 Qd8 25. Rfa1 Qc8 26. Bf3 Be7 27. Qd2 Rg8 28. Bd1 Kh8 29. Ra3 Kh7 30. R1a2 Kg7 31. Kh2 Kh7 32. Bh5 Kg7 33. Ra4 Rh8 34. Qd1 Nf8 35. Qa1 Nd7 36. Be2 h5 37. Ne1 h4 38. g4 Rd8 39. Nc2 Rh8 40. Kg2 Rd8 41. Ne1 Rh8 42. Nf3 Rd8 43. Nd2 Rh8 44. Nd1 Rd8 45. Nb2 Kh7 46. Kf2 Bf8 47. c5 dxc5 48. Bxa6 Bxa6 49. Rxa6 Rxa6 50. Rxa6 cxb4 51. Ra7 Nc5 52. Na4 Qb8 53. Nxc5 bxc5 54. Qa5 Rd7 55. Ra8 1-0

[Event "EU-chT 23rd"]
[Site "Terme Catez"]
[Date "2021.11.13"]
[Round "2.10"]
[White "Van den Doel, Erik"]
[Black "Davis, Lee"]
[Result "1-0"]
[WhiteElo "2594"]
[BlackElo "1972"]
[PlyCount "75"]
[EventDate "2021.11.12"]
[EventType "team-swiss"]
[EventRounds "9"]
[EventCountry "SLO"]
[SourceTitle "CBM 205"]
[Source "ChessBase"]
[SourceDate "2021.12.31"]
[SourceVersion "1"]
[SourceVersionDate "2021.12.31"]
[SourceQuality "1"]
[WhiteTeam "Netherlands"]
[BlackTeam "Wales"]
[WhiteTeamCountry "NED"]
[BlackTeamCountry "WLS"]

1. e4 c6 2. Nf3 g6 3. d4 Bg7 4. h3 d6 5. Bd3 Nd7 6. 0-0 Qc7 7. c4 e5 8. d5 Ne7 9. Nc3 0-0 10. Be3 a6 11. Rb1 c5 12. b4 b6 13. Qc1 cxb4 14. Rxb4 Nc5 15. Bc2 Bd7 16. Qb2 Rfb8 17. Rb1 Nc8 18. Qc1 Be8 19. Ne1 f6 20. R4b2 Bf8 21. Nd3 Bd7 22. Nxc5 dxc5 23. Ba4 Bd6 24. Qd1 Bxa4 25. Nxa4 Rb7 26. h4 Rab8 27. h5 Kg7 28. Qg4 b5 29. cxb5 axb5 30. Nxc5 Bxc5 31. h6+ Kf8 32. Rc1 Bxe3 33. Rxc7 Rxc7 34. fxe3 Nd6 35. Qe6 Rc1+ 36. Kh2 Nxe4 37. d6 Re8 38. Qd7 1-0

[Event "WchT Seniors 50"]
[Site "Prague"]
[Date "2020.03.12"]
[Round "7.1"]
[White "Svanda, Pavel"]
[Black "Davis, Lee"]
[Result "0-1"]
[WhiteElo "2074"]
[BlackElo "1955"]
[PlyCount "56"]
[EventDate "2020.03.06"]
[EventType "team-swiss"]
[EventRounds "7"]
[EventCountry "CZE"]
[SourceTitle "CBM 195 Extra"]
[Source "ChessBase"]
[SourceDate "2020.05.31"]
[SourceVersion "1"]
[SourceVersionDate "2020.05.31"]
[SourceQuality "1"]
[WhiteTeam "Czech Republic 50 VIII"]
[BlackTeam "Wales 50 II"]
[WhiteTeamCountry "CZE"]
[BlackTeamCountry "WLS"]

1. e4 c6 2. Nf3 g6 3. Nc3 Bg7 4. g3 d6 5. Bg2 Nf6 6. d4 0-0 7. 0-0 Bg4 8. Be3 Qc7 9. Qd2 Nbd7 10. Bh6 Bxf3 11. Bxf3 e5 12. Bxg7 Kxg7 13. Bg2 a6 14. Kh1 Rad8 15. a4 Qb6 16. Ne2 a5 17. f4 exd4 18. Nxd4 Nc5 19. e5 dxe5 20. fxe5 Nfe4 21. Qe3 Qxb2 22. Rad1 Qc3 23. Qg1 Nd2 24. Rf4 Ne6 25. Nxe6+ fxe6 26. Rxf8 Rxf8 27. Qe1 Rd8 28. Qf2 Ne4 0-1

[Event "WchT Seniors 50"]
[Site "Prague"]
[Date "2020.03.06"]
[Round "1.20"]
[White "Davis, Lee"]
[Black "Weyrich, Morten"]
[Result "0-1"]
[WhiteElo "1955"]
[BlackElo "2281"]
[PlyCount "60"]
[EventDate "2020.03.06"]
[EventType "team-swiss"]
[EventRounds "7"]
[EventCountry "CZE"]
[SourceTitle "CBM 195 Extra"]
[Source "ChessBase"]
[SourceDate "2020.05.31"]
[SourceVersion "1"]
[SourceVersionDate "2020.05.31"]
[SourceQuality "1"]
[WhiteTeam "Wales 50 II"]
[BlackTeam "Germany 50 IV"]
[WhiteTeamCountry "WLS"]
[BlackTeamCountry "GER"]

1. d4 d5 2. g3 e6 3. Bg2 Nf6 4. Nf3 Be7 5. 0-0 0-0 6. c4 b6 7. Nc3 Bb7 8. Ne5 Nbd7 9. Bg5 c6 10. cxd5 exd5 11. Nxd7 Qxd7 12. Qd2 Rfe8 13. Bxf6 Bxf6 14. e3 Rad8 15. Rfd1 Qe7 16. Qc2 h5 17. Rac1 h4 18. Ne2 Rd6 19. Bh3 Bg5 20. Bf5 Bxe3 21. fxe3 Qxe3+ 22. Kf1 Qf3+ 23. Ke1 hxg3 24. hxg3 Qxg3+ 25. Kf1 Qf3+ 26. Ke1 Rh6 27. Qd3 Qf4 28. Bh3 Ba6 29. Qxa6 Rxh3 30. Qc8 Rh1# 0-1

[Event "Wch Seniors 50 29th"]
[Site "Bucharest"]
[Date "2019.11.22"]
[Round "10"]
[White "Davis, Lee"]
[Black "Gavrish, Leonid"]
[Result "1-0"]
[WhiteElo "1921"]
[BlackElo "2077"]
[PlyCount "105"]
[EventDate "2019.11.12"]
[EventType "swiss"]
[EventRounds "11"]
[EventCountry "ROU"]
[SourceTitle "CBM 193 Extra"]
[Source "ChessBase"]
[SourceDate "2020.01.31"]
[SourceVersion "1"]
[SourceVersionDate "2020.01.31"]
[SourceQuality "1"]

1. d4 Nf6 2. Nf3 c5 3. c4 cxd4 4. Nxd4 e5 5. Nb5 d5 6. cxd5 Bc5 7. N5c3 0-0 8. g3 Bf5 9. Bg2 e4 10. e3 Na6 11. a3 Nc7 12. Nd2 Re8 13. Qc2 Ncxd5 14. Ndxe4 Nxe4 15. Bxe4 Rxe4 16. Nxe4 Rc8 17. Qd3 Qe7 18. f3 Rd8 19. Qc4 Bb6 20. Kf2 Nxe3 21. Bxe3 Rd2+ 22. Ke1 Bxe4 23. Qxe4 Qxe4 24. fxe4 Bxe3 25. Rd1 Rxd1+ 26. Kxd1 f6 27. Kc2 Kf7 28. Kd3 Bb6 29. Rc1 h5 30. Rc8 Kg6 31. Ke2 Bg1 32. h3 a5 33. b4 axb4 34. axb4 b6 35. b5 Bd4 36. Kf3 Kg5 37. Rg8 Kg6 38. g4 hxg4+ 39. Kxg4 Be3 40. Rc8 Bg1 41. h4 Be3 42. Rc6 Kh7 43. h5 Bf2 44. Kf5 Bd4 45. Rd6 Bc5 46. Rd5 Be3 47. Ke6 Kh6 48. Kf7 Bf4 49. Rf5 Be5 50. Rf2 Bd4 51. Rg2 Kxh5 52. Rxg7 f5 53. exf5 1-0

[Event "Wch Seniors 50 29th"]
[Site "Bucharest"]
[Date "2019.11.21"]
[Round "9"]
[White "Filipovich, David"]
[Black "Davis, Lee"]
[Result "1/2-1/2"]
[WhiteElo "2050"]
[BlackElo "1921"]
[PlyCount "156"]
[EventDate "2019.11.12"]
[EventType "swiss"]
[EventRounds "11"]
[EventCountry "ROU"]
[SourceTitle "CBM 193 Extra"]
[Source "ChessBase"]
[SourceDate "2020.01.31"]
[SourceVersion "1"]
[SourceVersionDate "2020.01.31"]
[SourceQuality "1"]

1. Nf3 c5 2. g3 g6 3. Bg2 Bg7 4. c4 Nc6 5. Nc3 e6 6. 0-0 Nge7 7. d4 cxd4 8. Nb5 d6 9. Nfxd4 Nxd4 10. Nxd4 a6 11. e4 0-0 12. Bg5 h6 13. Be3 e5 14. Ne2 Be6 15. b3 Qc7 16. Qd2 Kh7 17. Rfd1 Rad8 18. Nc3 f5 19. Rac1 b6 20. Na4 Nc8 21. Qb4 b5 22. cxb5 Qb8 23. b6 f4 24. gxf4 exf4 25. Bd4 Bxd4 26. Qxd4 Rd7 27. Rc6 Rdf7 28. Rdc1 Bd7 29. Rc7 Bxa4 30. bxa4 Qxb6 31. Qxb6 Nxb6 32. R7c6 Nxa4 33. Rxa6 f3 34. Rxa4 fxg2 35. Rc2 g5 36. Kxg2 Rf4 37. Rd4 Rg4+ 38. Kf1 Rh4 39. Rxd6 Rf7 40. e5 Re4 41. e6 Re7 42. Re2 Rxe2 43. Kxe2 Kg6 44. a4 Ra7 45. e7+ Kf7 46. Re6 Ke8 47. Re4 Rb7 48. Re5 Rb2+ 49. Kf3 Rb3+ 50. Kg2 Ra3 51. a5 Ra2 52. Kg3 Ra4 53. Kf3 Ra1 54. Ke4 Ra4+ 55. Kf5 Rf4+ 56. Kg6 Rxf2 57. a6 Ra2 58. Kxh6 Rxh2+ 59. Kxg5 Ra2 60. Re6 Rf2 61. Kg4 Rf1 62. Kg3 Rf5 63. Kg4 Rf1 64. Kg5 Rf2 65. Kg6 Rf1 66. Kg7 Rf2 67. Re1 Ra2 68. Re6 Rf2 69. Rf6 Rg2+ 70. Rg6 Ra2 71. Re6 Rf2 72. Rf6 Rg2+ 73. Rg6 Ra2 74. Rb6 Kxe7 75. Rb7+ Kd6 76. a7 Kc6 77. Re7 Kb6 78. Kf7 Rxa7 1/2-1/2

[Event "Wch Seniors 50 29th"]
[Site "Bucharest"]
[Date "2019.11.15"]
[Round "4"]
[White "Davis, Lee"]
[Black "Breahna, Radu"]
[Result "1/2-1/2"]
[WhiteElo "1921"]
[BlackElo "2193"]
[PlyCount "28"]
[EventDate "2019.11.12"]
[EventType "swiss"]
[EventRounds "11"]
[EventCountry "ROU"]
[SourceTitle "CBM 193 Extra"]
[Source "ChessBase"]
[SourceDate "2020.01.31"]
[SourceVersion "1"]
[SourceVersionDate "2020.01.31"]
[SourceQuality "1"]

1. d4 Nf6 2. Nf3 d5 3. g3 c6 4. Bg2 Bf5 5. 0-0 e6 6. c4 Nbd7 7. Nc3 dxc4 8. Nh4 Bg4 9. h3 Bh5 10. g4 Nd5 11. Nf3 Bg6 12. Nd2 Nf4 13. Nxc4 Nxg2 14. Kxg2 h5 1/2-1/2

[Event "Telford 4NCL op 22nd"]
[Site "Telford"]
[Date "2019.07.20"]
[Round "3"]
[White "Tarr, Steve"]
[Black "Davis, Lee"]
[Result "0-1"]
[WhiteElo "1686"]
[BlackElo "1937"]
[PlyCount "56"]
[EventDate "2019.07.19"]
[EventType "swiss"]
[EventRounds "5"]
[EventCountry "ENG"]
[SourceTitle "EXT 2020"]
[Source "ChessBase"]
[SourceDate "2019.10.17"]
[SourceVersion "1"]
[SourceVersionDate "2019.10.17"]
[SourceQuality "1"]

1. d4 Nf6 2. Bf4 d6 3. e3 g6 4. Nc3 Bg7 5. h4 c5 6. dxc5 Qa5 7. Qd2 Qxc5 8. 0-0-0 Nc6 9. Nf3 Bf5 10. Bd3 Bxd3 11. Qxd3 0-0 12. Qb5 Qxb5 13. Nxb5 Ne4 14. Rhf1 Rac8 15. Ng5 Nc5 16. Nxd6 exd6 17. Bxd6 Na4 18. Bxf8 Bxb2+ 19. Kb1 Kxf8 20. Rd7 Ne5 21. Rxb7 Nc4 22. Rxb2 Naxb2 23. Kc1 Na4 24. Rd1 Na3 25. Rd2 Rb8 26. Rd7 Rb1+ 27. Kd2 Nc4+ 28. Ke2 Nc3+ 0-1

[Event "South Wales op 16th"]
[Site "Cardiff"]
[Date "2019.07.11"]
[Round "7"]
[White "Davis, Lee"]
[Black "Whitehead, Mark A"]
[Result "1/2-1/2"]
[WhiteElo "1937"]
[BlackElo "1887"]
[PlyCount "35"]
[EventDate "2019.07.07"]
[EventType "swiss"]
[EventRounds "9"]
[EventCountry "WLS"]
[SourceTitle "CBM 191 Extra"]
[Source "ChessBase"]
[SourceDate "2019.09.30"]
[SourceVersion "1"]
[SourceVersionDate "2019.09.30"]
[SourceQuality "1"]

1. d4 Nf6 2. g3 c5 3. Nf3 cxd4 4. Nxd4 Nc6 5. c4 g6 6. Bg2 Bg7 7. Nc3 0-0 8. 0-0 Ne5 9. b3 d6 10. Bb2 Rb8 11. Qd2 Bd7 12. Rac1 a6 13. Rfd1 Nc6 14. Nd5 Nxd5 15. Nxc6 bxc6 16. Bxg7 Kxg7 17. cxd5 c5 18. e4 1/2-1/2

[Event "South Wales op 16th"]
[Site "Cardiff"]
[Date "2019.07.10"]
[Round "6"]
[White "Thomas, Roy"]
[Black "Davis, Lee"]
[Result "0-1"]
[WhiteElo "1708"]
[BlackElo "1937"]
[PlyCount "98"]
[EventDate "2019.07.07"]
[EventType "swiss"]
[EventRounds "9"]
[EventCountry "WLS"]
[SourceTitle "CBM 191 Extra"]
[Source "ChessBase"]
[SourceDate "2019.09.30"]
[SourceVersion "1"]
[SourceVersionDate "2019.09.30"]
[SourceQuality "1"]

1. e4 g6 2. d4 d6 3. Nc3 Bg7 4. Be3 Nf6 5. h3 c6 6. Qd2 b5 7. a3 0-0 8. Nf3 Bb7 9. Bd3 Nbd7 10. 0-0 Nb6 11. b3 a6 12. Bh6 c5 13. d5 Rc8 14. Bxg7 Kxg7 15. Rac1 c4 16. Be2 Qc7 17. b4 Nbd7 18. Rfe1 Kg8 19. Rcd1 Kg7 20. Nh2 Qb6 21. Ng4 Nxg4 22. Bxg4 Rcd8 23. Re3 Nf6 24. Bf3 e6 25. dxe6 fxe6 26. e5 dxe5 27. Qe2 Bxf3 28. Rxf3 Rxd1+ 29. Nxd1 Qd4 30. Re3 Rd8 31. Nc3 Nd5 32. Nxd5 Rxd5 33. Kh2 Kf6 34. Re4 Qd1 35. Rxe5 Qxe2 36. Rxe2 Rd1 37. Re3 Ra1 38. Kg3 Ra2 39. Rf3+ Ke5 40. Re3+ Kd5 41. Kf4 Rxc2 42. Rf3 h6 43. Kg3 Ke5 44. Re3+ Kf6 45. Rf3+ Ke7 46. Kf4 Rb2 47. Ke5 Re2+ 48. Kd4 Rd2+ 49. Kc5 Rd3 0-1